000 00463nam a2200181Ia 4500
001 20745
005 20260306172828.0
008 260306t2011||||xx |||||||||||||| ||spa||
041 _aESP
082 _a343.8
_bA47B
100 _aAlva Matteucci, Mario
_eAUT
245 0 _aTratamiento de sanciones no pecuniarias en el código tributario
260 _c2011
300 _a31 páginas :
_c24 cm.
650 _aGEN
654 _aCDE
942 _cLIB
_dJUS
_fJUS
_2ddc
_n
999 _c20745
_d20745